Vista normal
Vista MARC
Entrada Nombre personal
Número de registros utilizados en: 2
001 - NÚMERO DE CONTROL
- campo de control: 87057
003 - IDENTIFICADOR DEL NÚMERO DE CONTROL
- campo de control: DO-SdBNP
005 - FECHA Y HORA DE LA ÚLTIMA TRANSACCIÓN
- campo de control: 20250225114517.0
008 - DATOS DE LONGITUD FIJA
- campo de control de longitud fija: 250225|| aca||aabn | a|a d
040 ## - FUENTE DE LA CATALOGACIÓN
- Centro catalogador/agencia de origen: DO-SdBNP
100 ## - ENCABEZAMIENTO-NOMBRE DE PERSONA
- Nombre de persona: Rathe de Cambiaso, Laura,
